000 00234 a2200097 4500
001 53025
100 _aRosenthal D
245 _aIntroduction to Properties of Materials
260 _aNew York
_bVan Nostrand
_c
090 _c33343
_d33343
942 _aNUST-CAE
_cM
_c25940
999 _c288098
_d288098